Eagles 2022-2023 Roster - Statistics

General Stats
  • This quiz has been taken 313 times
  • The average score is 19 of 28
Answer Stats
Hint Answer % Correct
QB Jalen Hurts
100%
WR AJ Brown
96%
WR Devonta Smith
96%
C Jason Kelce
94%
RT Lane Johnson
89%
TE Dallas Goedert
88%
RB Miles Sanders
88%
SS CJ Gardner_Johnson
86%
CB Darius Slay
85%
RB Kenneth Gainwell
84%
DT Fletcher Cox
82%
RB Boston Scott
76%
CB James Bradberry
74%
WR Quez Watkins
73%
LT Jordan Mailata
72%
LG Landon Dickerson
72%
K Jake Elliott
71%
LB Haason Reddick
68%
DE Brandon Graham
65%
DE Josh Sweat
55%
PR Britain Covey
52%
FS Reed Blankenship
48%
DT Javon Hargrave
43%
WR Zach Pascal
40%
RG Isaac Seumalo
39%
LB TJ Edwards
39%
LB Kyzir White
37%
P Arryn Siposs
35%
No matching quizzes found
Score Distribution
Percent of People with Each Score
Percentile by Number Answered
Your Score History
You have not taken this quiz